[Event "Hannover Region-ch"]
[Site "Langenhagen"]
[Date "2012.03.24"]
[Round "5"]
[White "Zucker, Stefan"]
[Black "Efremov, Igor"]
[Result "1-0"]
[WhiteElo "1810"]
[BlackElo "1508"]
[PlyCount "33"]
[EventDate "2012.01.14"]
[EventType "swiss"]
[EventRounds "7"]
[EventCountry "GER"]
[SourceTitle "EXT 2021"]
[Source "ChessBase"]
[SourceDate "2020.10.23"]
[SourceVersion "1"]
[SourceVersionDate "2020.10.23"]
[SourceQuality "1"]

1. e4 g6 2. d4 Bg7 3. Nc3 d6 4. Be3 a6 5. a4 b6 6. Bc4 Nd7 7. e5 dxe5 8. Qf3 Ngf6 9. Qxa8 exd4 10. Bxd4 e5 11. Be3 0-0 12. Bxa6 Ng4 13. 0-0-0 Nxe3 14. fxe3 Qg5 15. Bxc8 Qxe3+ 16. Kb1 Nc5 17. Qf3 1-0

[Event "Hannover Region-ch"]
[Site "Langenhagen"]
[Date "2011.03.26"]
[Round "6"]
[White "Efremov, Igor"]
[Black "Celik, Abdullah1111"]
[Result "0-1"]
[WhiteElo "1493"]
[BlackElo "1885"]
[PlyCount "60"]
[EventDate "2011.01.29"]
[EventType "swiss"]
[EventRounds "7"]
[EventCountry "GER"]
[SourceTitle "EXT 2021"]
[Source "ChessBase"]
[SourceDate "2020.10.23"]
[SourceVersion "1"]
[SourceVersionDate "2020.10.23"]
[SourceQuality "1"]

1. e4 c5 2. c3 Nf6 3. e5 Nd5 4. Nf3 Nc6 5. Bb5 a6 6. Bxc6 dxc6 7. d4 cxd4 8. cxd4 Bg4 9. 0-0 e6 10. Be3 Qb6 11. Nbd2 Rd8 12. Qa4 Be7 13. Rfc1 0-0 14. h3 Bxf3 15. Nxf3 Rd7 16. Qc2 Rc8 17. a3 c5 18. dxc5 Nxe3 19. fxe3 Bxc5 20. Kh1 Rdc7 21. Qd3 Qxb2 22. Rab1 Qxa3 23. Rc3 Qa5 24. Rbc1 h6 25. Nd2 Be7 26. Nc4 Qd5 27. Qc2 Bb4 28. Rd1 Bxc3 29. Rxd5 exd5 30. Qxc3 dxc4 0-1

[Event "Hannover Region-ch"]
[Site "Langenhagen"]
[Date "2010.02.13"]
[Round "2"]
[White "Buchholz, Bernd1111"]
[Black "Efremov, Igor"]
[Result "0-1"]
[WhiteElo "1017"]
[BlackElo "1572"]
[PlyCount "38"]
[EventDate "2010.01.16"]
[EventType "swiss"]
[EventRounds "7"]
[EventCountry "GER"]
[SourceTitle "EXT 2021"]
[Source "ChessBase"]
[SourceDate "2020.10.23"]
[SourceVersion "1"]
[SourceVersionDate "2020.10.23"]
[SourceQuality "1"]

1. e4 g6 2. d4 Bg7 3. e5 d6 4. exd6 cxd6 5. Bb5+ Bd7 6. Nc3 Qb6 7. Bxd7+ Nxd7 8. Nf3 Ngf6 9. a3 0-0 10. h3 Rac8 11. 0-0 e6 12. Qd3 a6 13. b4 Rfe8 14. Bf4 Qc7 15. Bd2 e5 16. dxe5 dxe5 17. Qe3 Nb6 18. Rad1 Nc4 19. Qc5 Qb8 0-1

[Event "Hannover Region-ch"]
[Site "Hannover"]
[Date "2008.01.26"]
[Round "2"]
[White "Efremov, Igor"]
[Black "Lenselink, Joern"]
[Result "1-0"]
[WhiteElo "1603"]
[BlackElo "1002"]
[PlyCount "69"]
[EventDate "2008.01.12"]
[EventType "swiss"]
[EventRounds "7"]
[EventCountry "GER"]
[SourceTitle "EXT 2021"]
[Source "ChessBase"]
[SourceDate "2020.10.23"]
[SourceVersion "1"]
[SourceVersionDate "2020.10.23"]
[SourceQuality "1"]

1. Nc3 c5 2. Nf3 Nc6 3. d4 e6 4. e4 Nf6 5. Bg5 Be7 6. dxc5 Bxc5 7. e5 Nxe5 8. Nxe5 d6 9. Bb5+ Kf8 10. 0-0 Bb6 11. Ng4 h6 12. Bxf6 gxf6 13. Re1 a6 14. Ba4 f5 15. Ne3 f4 16. Nc4 Bc5 17. Ne5 Qh4 18. Ne4 dxe5 19. Nxc5 b6 20. Qf3 Ra7 21. Ne4 Bb7 22. Rad1 f5 23. Qa3+ Kf7 24. Nd6+ Kf6 25. Nxb7 Rxb7 26. Qc3 Rg8 27. Qxe5+ Kg5 28. Bc6 Rh7 29. Qxe6 Rg6 30. Qe8 Rxc6 31. Qxc6 Rg7 32. Re6 a5 33. Rdd6 Qh5 34. Rxh6 Qe2 35. Rdg6+ 1-0

[Event "Hannover Region-ch"]
[Site "Hannover"]
[Date "2007.02.17"]
[Round "4"]
[White "Lick, Patrick"]
[Black "Efremov, Igor"]
[Result "1-0"]
[WhiteElo "1751"]
[BlackElo "1609"]
[PlyCount "93"]
[EventDate "2007.01.13"]
[EventType "swiss"]
[EventRounds "7"]
[EventCountry "GER"]
[SourceTitle "EXT 2021"]
[Source "ChessBase"]
[SourceDate "2020.10.23"]
[SourceVersion "1"]
[SourceVersionDate "2020.10.23"]
[SourceQuality "1"]

1. e4 c6 2. d4 g6 3. Nf3 Bg7 4. Bd3 d6 5. h3 Nd7 6. 0-0 e5 7. dxe5 dxe5 8. b3 Ngf6 9. Ba3 c5 10. Bb2 Qe7 11. Nc3 a6 12. Nd5 Nxd5 13. exd5 0-0 14. Re1 Re8 15. a4 Rb8 16. a5 Qd6 17. Bc4 h6 18. Nd2 f5 19. g4 Nf6 20. Nf3 Ne4 21. gxf5 Bxf5 22. Bd3 Nxf2 23. Kxf2 e4 24. Bxg7 Kxg7 25. Bf1 exf3 26. Qxf3 Rbd8 27. c4 Rf8 28. Kg1 Rf6 29. Qc3 Rdf8 30. Re3 Kh7 31. Rae1 R6f7 32. Qe5 Qd8 33. Bg2 Qxa5 34. d6 Qd2 35. Qxc5 h5 36. Qe5 Bd7 37. R3e2 Qb4 38. Bd5 Qb6+ 39. Qe3 Qxe3+ 40. Rxe3 Rg7 41. Re7 Bxh3 42. Bxb7 Rff7 43. Bd5 Rxe7 44. dxe7 Bd7 45. e8Q Bxe8 46. Rxe8 g5 47. Be4+ 1-0

[Event "Hannover Region-ch"]
[Site "Hannover"]
[Date "2006.04.01"]
[Round "7"]
[White "Francke, Martin"]
[Black "Efremov, Igor"]
[Result "1-0"]
[WhiteElo "1501"]
[BlackElo "1619"]
[PlyCount "85"]
[EventDate "2006.01.14"]
[EventType "swiss"]
[EventRounds "7"]
[EventCountry "GER"]
[SourceTitle "EXT 2021"]
[Source "ChessBase"]
[SourceDate "2020.10.23"]
[SourceVersion "1"]
[SourceVersionDate "2020.10.23"]
[SourceQuality "1"]

1. e4 e6 2. d4 d5 3. exd5 exd5 4. c4 Nf6 5. Nc3 Bb4 6. Bg5 Be6 7. c5 0-0 8. Nf3 Re8 9. Be2 Nbd7 10. 0-0 c6 11. Ne5 h6 12. Nxd7 hxg5 13. Nxf6+ Qxf6 14. a3 Ba5 15. b4 Bc7 16. a4 a6 17. g3 Qg6 18. Bg4 Bxg4 19. Qxg4 f5 20. Qd1 Re6 21. Re1 Rae8 22. Rxe6 Rxe6 23. Ra2 f4 24. Re2 g4 25. Rxe6 Qxe6 26. Qe2 Qxe2 27. Nxe2 g5 28. gxf4 gxf4 29. f3 gxf3 30. Nc1 Kg7 31. Kf2 Kg6 32. Kxf3 Kf5 33. Nd3 b6 34. h4 a5 35. bxa5 bxc5 36. a6 Bb8 37. Nxc5 Ba7 38. h5 Kg5 39. h6 Kxh6 40. Kxf4 Kh5 41. Kf5 Kh4 42. Ke6 Kg4 43. Kd6 1-0